书目信息 |
| 题名: |
如雷贯耳
|
|
| 作者: | 萧宿荣 主编 | |
| 分册: | ||
| 出版信息: | 北京 国防工业出版社 2005.01 |
|
| 页数: | 289页 | |
| 开本: | 20cm | |
| 丛书名: | 大学英语劲爆丛书 | |
| 单 册: | ||
| 中图分类: | H319.4 | |
| 科图分类: | ||
| 主题词: | 英语--听说教学--高等学校--水平考试--自学考试资料 | |
| 电子资源: | ||
| ISBN: | 7-118-03757-5 | |
| 000 | 00977nam 2200253 450 | |
| 001 | 0154739500 | |
| 005 | 20050923102255.97 | |
| 010 | @a7-118-03757-5@dCNY14.00 | |
| 100 | @a20050423d2005 km y0chiy0120 ea | |
| 101 | 0 | @achi@aeng |
| 102 | @aCN@b110000 | |
| 105 | @ay z 000yy | |
| 200 | 1 | @a如雷贯耳@Aru lei guan er@e大学英语四级听力快车@f萧宿荣主编@Fxiao su rong zhu bian |
| 210 | @a北京@c国防工业出版社@d2005.01 | |
| 215 | @a289页@d20cm | |
| 225 | 2 | @a大学英语劲爆丛书 |
| 330 | @a本书是一部大学英语四级考试英语听力教学的自学参考资料。全书共十六个单元,每个单元都列有八个模块,包括阅读技巧、美文精读、疑难点击、仿真模练、成绩返跳、热点自测、精彩解析、美文泛读。 | |
| 410 | 0 | @12001 @a大学英语劲爆丛书 |
| 517 | 1 | @a大学英语四级听力快车@Ada xue ying yu si ji ting li kuai che |
| 606 | 0 | @a英语@x听说教学@x高等学校@x水平考试@x自学考试资料 |
| 690 | @aH319.4@v4 | |
| 701 | 0 | @a萧宿荣@Axiao su rong@4主编 |
| 801 | 0 | @aCN@bQSSK@c20050923 |
| 905 | @a10447@dH319.4@eX344 | |
| 如雷贯耳:大学英语四级听力快车/萧宿荣主编.-北京:国防工业出版社,2005.01 |
| 289页;20cm.-(大学英语劲爆丛书) |
| ISBN 7-118-03757-5:CNY14.00 |
| 本书是一部大学英语四级考试英语听力教学的自学参考资料。全书共十六个单元,每个单元都列有八个模块,包括阅读技巧、美文精读、疑难点击、仿真模练、成绩返跳、热点自测、精彩解析、美文泛读。 |
| ● |
| 相关链接 |
|
|
|
正题名:如雷贯耳
索取号:H319.4/X344
 
预约/预借
| 序号 | 登录号 | 条形码 | 馆藏地/架位号 | 状态 | 备注 |
| 1 | 527526 | 205275263 | 语言库209/209语言库 49排7列3层/ [索取号:H319.4/X344] | 在馆 | |
| 2 | 527527 | 205275272 | 语言库209/209语言库 49排7列3层/ [索取号:H319.4/X344] | 在馆 | |
| 3 | 527528 | 205275281 | 语言库209/209语言库 110排2列2层/ [索取号:H319.4/X344] | 在馆 |